LEADER 01575nam a2200289 i 4500 001 000000143843 003 CaOOAMICUS 005 20051012000000.0 008 051012s2004 it u000 u ita u 013 $a119201 020 $a88-7105-171-8 040 $aSeMil$bita 245 13$aIl diritto canonico nel sapere teologico :$bprospettive interdisciplinari. 30. Incontro di Studio, Passo della Mendola, Trento, 30 giugno-4 luglio 2003 /$cA cura del Gruppo Italiano Docenti di Diritto Canonico. 260 $aMilano :$bGlossa,$ccopyr. 2004. 300 $a344 p. ;$c24 cm. 490 0 $aQuaderni della Mendola ;$v12 500 $aContiene : Bibliografia canonistica a schede. - In testa al front : Associazione Canonistica Italiana. 650 4$aDiritto canonico - Atti di congressi.$0(OLS)http://semarc/subject/14557 650 4$aDiritto canonico.$0(OLS)http://semarc/subject/207 650 4$aDiritto e Leggi della Chiesa.$0(OLS)http://semarc/subject/28251 710 2 $aGruppo italiano docenti di diritto canonico.$0(OLS)http://semarc/name/222 830 0$aQuaderni della Mendola ;$v12.$0(OLS)http://semarc/title/382 850 $aSeMil 852 $aSeMil$W1$xVenegono$y1$m2KA K 12$j230299$B96883$CSeMilBibl$Z2$F104278 $81 996 $6020$a88-7105-171-8$9(OLS)http://semarc/number/132284 996 $6245$aIl diritto canonico nel sapere teologico :$bprospettive interdisciplinari. 30. Incontro di Studio, Passo della Mendola, Trento, 30 giugno-4 luglio 2003$9(OLS)http://semarc/title/210484 996 $6260$aMilano :$bGlossa$9(OLS)http://semarc/publisher/29635 LEADER 01290nam a2200277 i 4500 001 000000195355 003 CaOOAMICUS 005 20101210000000.0 008 101210s1988 it u000 u ita u 013 $a174027 040 $aSeMil$bita 100 1 $aMovimento ecclesiale di impegno culturale.$0(OLS)http://semarc/name/70911 245 10$aMessaggio evangelico e cultura :$briflessioni per un impegno cristiano nel mondo della cultura /$cMovimento ecclesiale di impegno culturale. 260 $aRoma :$bAVE,$cstampa 1988. 260 $aRoma :$bAzione Cattolica Italiana,$cstampa 1988. 300 $a31 p. ;$c22 cm. 490 0 $aProposte ;$v25 500 $aInformazioni prese dalla copertina. 650 4$aAzione Cattolica Italiana - Documenti.$0(OLS)http://semarc/subject/3780 830 0$aProposte ;$v25.$0(OLS)http://semarc/title/22700 850 $aSeMil 852 $aSeMil$W1$xVenegono$y1$m5A XII 5/21$j145924$B145924$CSeMilBibl$Z2$F157440 $81 961 $aOmaggio: Altro 996 $6245$aMessaggio evangelico e cultura :$briflessioni per un impegno cristiano nel mondo della cultura$9(OLS)http://semarc/title/281834 996 $6260$aRoma :$bAzione Cattolica Italiana$9(OLS)http://semarc/publisher/33402 996 $6260$aRoma :$bAVE$9(OLS)http://semarc/publisher/30251